000 00912nam a2200229Ia 4500
003 GCL
008 140319s9999 xx 000 0 ara d
020 _a3425287977
040 _aGCL /
_cGCL
082 0 4 _a005.13
_bع ا
100 1 _aعمرو عنانى
245 1 0 _aاحترف ادارة قواعد البياناتباستخدام خادم Microsoft SQL Server 2000 /
_cعمرو عنانى
250 _aالاولى
260 _aالقاهرة :
_bدار الكتب العلمية للنشر والتوزيع ،
_c2004
300 _a403ص ؛
_c24سم
650 0 4 _aالحاسبات الالكترونية - برامج
650 0 4 _aالحاسبات الالكترونية - لغات
650 0 4 _aالبيانات - معالجة الية ( حاسبات الكترونية )
650 0 4 _aاس كيو ال سيرفر 2000
650 0 4 _aانشاء قواعد البيانات
942 _2ddc
_cBK
999 _c57134
_d57134